Mastering strategy: insights from the world’s greatest leaders and thinkers (Record no. 32348)

MARC details
000 -LEADER
fixed length control field 00568nam a2200181Ia 4500
020 ## - INTERNATIONAL STANDARD BOOK NUMBER
ISBN 9780071402866
050 ## - CALL MARK
Classification number HD 30.28 .R54/
100 ## - STATEMENT OF RESPONSIBILITY--MAIN AUTHOR NAME
Personal name Rigsby, Jeffery A.
245 #0 - TITLE STATEMENT
Title Mastering strategy: insights from the world’s greatest leaders and thinkers
260 ## - PUBLICATION, DISTRIBUTION, ETC. (IMPRINT)
Place of publication New York
260 ## - PUBLICATION, DISTRIBUTION, ETC. (IMPRINT)
Name of publisher MacGraw-Hill
260 ## - PUBLICATION, DISTRIBUTION, ETC. (IMPRINT)
Year of publication 2003
300 ## - PHYSICAL DESCRIPTION
Number of Pages 356 p
650 ## - SUBJECT ADDED ENTRY--TOPICAL TERM
Topical Term Strategic planning. Business planning. Strategic planning--United States. Business planning--United States.
942 ## - ADDED ENTRY ELEMENTS (KOHA)
Koha item type Books
Holdings
Withdrawn status Lost status Source of classification or shelving scheme Damaged status Not for loan Permanent Location Current Location Date acquired Accession Number Price effective from Koha item type
    Library of Congress Classification     NILE UNIVERSITY OF NIGERIA - MAIN LIBRARY NILE UNIVERSITY OF NIGERIA - MAIN LIBRARY 04/23/2025 0194470 04/23/2025 Books